000 00840cam a2200277 4500
008 090401t1993 xxu||||| |||| 00| 0 eng d
020 _a0851256015
035 _a(Sirsi) u36085
041 _aeng
050 _a728
110 _aBuilding Research Establishment
245 4 _aThe BRE housing design handbook: energy and internal layout.
260 _aGarston, Watford
_bBuilding Research Establishment
_c1993
300 _av,295p. : ill. ; 30cm.
350 _a38
490 _aBRE Building Renewal
_v253
490 _aBuilding
_v253 Research Establishment Report
650 _aBUILT ENVIRONMENT-CONSTRUCTION DESIGN
650 _aDIMENSIONS
650 _aLAYOUT
650 _aOCCUPIERS REQUIREMENTS
650 _aSPACE REQUIREMENTS
690 _aBUILT ENVIRONMENT-CONSTRUCTION DESIGN
942 _n0
948 _c04/03/1997
999 _c90180
_d90180